Final Fantasy Franchise - Statistics

General Stats
  • This quiz has been taken 73 times
  • The average score is 27 of 107
Answer Stats
Type Year Name Info % Correct
Video Game 1987 Final Fantasy Square / Nintendo
100%
Video Game 1988 Final Fantasy II Square
100%
Video Game 1990 Final Fantasy III Square
100%
Video Game 1991 Final Fantasy IV Square / Sony / Nintendo
100%
Video Game 2007 Final Fantasy IV Square
100%
Video Game 1992 Final Fantasy V Square / Sony / Nintendo
100%
Video Game 1994 Final Fantasy VI Square / Sony / Nintendo
100%
Video Game 1997 Final Fantasy VII Square / Sony / Eidos Interactive
100%
Video Game 1999 Final Fantasy VIII Square / Sony / Eidos Interactive
100%
Video Game 2001 Final Fantasy X Square / Sony
100%
Video Game 2002 Final Fantasy XI Sony / Square
100%
Video Game 2009 Final Fantasy XIII Square
100%
Video Game 2000 Final Fantasy IX Square
98%
Video Game 2006 Final Fantasy XII Square
98%
Video Game 2010 Final Fantasy XIV Square
98%
Video Game 2016 Final Fantasy XV Square
96%
Video Game 2003 Final Fantasy X-2 Square
77%
Video Game 1997 Final Fantasy Tactics Square / Sony
66%
Film 2005 Final Fantasy VII: Advent Children Square Enix
66%
Compilation Video Game 2007 Crisis Core: Final Fantasy VII Square
58%
Video Game 2011 Final Fantasy XIII-2 Square
55%
Video Game 2013 Lightning Returns: Final Fantasy XIII Square
55%
Video Game 2020 Final Fantasy VII Remake Square
47%
Video Game 2008 Final Fantasy IV: The After Years Square
43%
Video Game 2013 Final Fantasy XIV: A Realm Reborn Square
40%
Video Game 2003 Final Fantasy Tactics Advance Square / Nintendo
38%
Film 2001 Final Fantasy: The Spirits Within Columbia
36%
Video Game 2008 Dissidia Final Fantasy Square
34%
Compilation Video Game 2004 Before Crisis: Final Fantasy VII Square
32%
Film 2016 Kingsglaive: Final Fantasy XV Sony / Aniplex / Stage 6 Films
32%
Video Game 2011 Final Fantasy Type-0 Square
30%
Video Game 2003 Final Fantasy Crystal Chronicles Nintendo / Square
28%
Video Game 1993 Final Fantasy Mystic Quest Square / Nintendo
26%
Video Game 2007 Final Fantasy XII: Revenant Wings Square
25%
Video Game 2016 World of Final Fantasy Square
23%
Video Game 1999 Chocobo Racing Square
19%
Video Game 2015 Final Fantasy Brave Exvius Square
19%
Video Game 2018 Dissidia Final Fantasy NT Square
17%
Video Game 2014 Final Fantasy Record Kepper DeNA
17%
Video Game 1991 Final Fantasy Adventure Square / Sunsoft
15%
Video Game 2007 Final Fantasy Tactics A2: Grimoire of the Rift Square
15%
Video Game 2007 Final Fantasy Fables: Chocobo's Dungeon Square
13%
Video Game 2015 Mobius Final Fantasy Square
13%
Video Game 2013 Final Fantasy All the Bravest Square
11%
Video Game 2012 Theatrhythm Final Fantasy Square
11%
OVA 2016 Brotherhood: Final Fantasy XV A-1 Pictures
9%
Video Game 2011 Dissidia 012 Final Fantasy Square
9%
OVA 2005 Last Order: Final Fantasy Madhouse / Square Enix
9%
Video Game 2014 Theatrhythm Final Fantasy: Curtain Call Square
9%
Video Game 2010 Final Fantasy Dimensions Square
8%
Video Game 2018 Final Fantasy XV: Pocket Edition Square
8%
Video Game 1998 Chocobo's Dungeon 2 Square
6%
Video Game 2014 Final Fantasy Agito Square
6%
Video Game 2009 Final Fantasy Crystal Chronicles: My Life as a Darklord Square
6%
Video Game 2008 Final Fantasy Crystal Chronicles: My Life as a King Square
6%
Video Game 2015 Final Fantasy Grandmasters Square
6%
OVA 1994 Final Fantasy: Legend of the Crystals Madhouse
6%
Video Game 2009 Final Fantasy: The 4 Heroes of Light Square
6%
TV Show 2001-2002 Final Fantasy: Unlimited TV Tokyo
6%
Cancelled Video Game 2011 Fortress Square
6%
Video Game 2008 Crystal Defenders Square
4%
Video Game 2017 Dissidia Final Fantasy Opera Omnia Square
4%
Video Game 2012 Final Fantasy Airborne Brigade Square
4%
Video Game 2012 Final Fantasy Artniks Square
4%
Video Game 2009 Final Fantasy Crystal Chronicles: Echoes of Time Square
4%
Video Game 2009 Final Fantasy Crystal Chronicles: The Crystal Bearers Square
4%
Video Game 2015 Final Fantasy Dimensions II Square
4%
Video Game 2014 Final Fantasy Explorers Square
4%
Video Game 2013 Final Fantasy Tactics S Square
4%
Video Game 2014 Final Fantasy VII G-Bike Square
4%
Video Game 2005 Final Fantasy VII: Snowboarding Square
4%
Video Game 2017 Monster of the Deep: Final Fantasy XV Square
4%
Video Game 2019 War of the Visions: Final Fantasy Brave Exvius Square
4%
Video Game 2016 A King's Tale: Final Fantasy XV Square
2%
Cancelled Video Game 2013 Chocobo Racing 3D Square
2%
Video Game 2009 Crystal Defenders: Vanguard Storm Square
2%
Video Game 2008 Crystal Guardians Square
2%
Compilation Video Game 2006 Dirge of Cerebus: Final Fantasy VII Square
2%
Video Game 2016 Final Fantasy Awakening Perfect World
2%
Video Game 2006 Final Fantasy Fables: Chocobo Tales Square
2%
Video Game 2002 Final Fantasy: Unlimited with U Square
2%
Video Game 2014 Final Fantasy: World Wide Words Square
2%
Video Game 2000 Hataraku Chocobo Square
2%
Video Game 2006 Chocobo de Mobile Square
0%
Video Game 2012 Chocobo no Chocotto Nouen Square
0%
Video Game 1997 Chocobo no Fushigi na Dungeon Square
0%
Video Game 2010 Chocobo Panic Square
0%
Video Game 2010 Chocobo's Crystal Tower Square
0%
Video Game 2019 Chocobo's Mystery Dungeon Every Buddy! Square
0%
Video Game 1999 Chocobo Stallion Square
0%
Video Game 1999 Chocobo's World Square
0%
Video Game 2008 Chocobo to Mahō no Ehon: Majo to Shōjo to Gonin to Yūsha Square
0%
Video Game 2003 Choco-Mate Square
0%
Video Game 2008 Cid to Chocobo no Fushigi na Dungeon Toki Wasure no Meikyū DS+ Square
0%
Video Game 1999 Dice de Chocobo Square
0%
Video Game 2002 Dokodemo Chocobo Square
0%
Video Game 2003 Dokodemo Chocobo 2: Dasshutsu! Yūreisen Square
0%
Video Game 2004 Dokodemo Chocobo 3: Taose! Niji Iro Daimaō Square
0%
Video Game 2014 Final Fantasy Artniks Dive Square
0%
Video Game 2020 Final Fantasy Crystal Chronicles Remastered Edition Square
0%
Video Game 2007 Final Fantasy Crystal Chronicles: Ring of Fires Square
0%
Video Game 2015 Final Fantasy Portal App Square
0%
Video Game 2003 Final Fantasy: Unlimited on PC - Meikyū ~ Kuroki Yume no Kioku ~ Square
0%
Video Game 2017 Final Fantasy XV: A New Empire MZ
0%
Video Game 2016 Justice Monsters Five Square
0%
Video Game 2017 King's Knight: Wrath of the Dark Dragon Square
0%
Video Game 2013 Pictlogica Final Fantasy Square
0%
No matching quizzes found
Score Distribution
Percent of People with Each Score
Percentile by Number Answered
Your Score History
You have not taken this quiz